| 000 | 003660000a22001450004500 | ||
|---|---|---|---|
| 003 | MACL | ||
| 040 | _aMACL | ||
| 090 |
_c48285 _d48283 |
||
| 100 | _aSouza,Arun De | ||
| 245 | _aWater and Development Forging Green Communities For Watersheds | ||
| 260 |
_aNew Delhi _bOrient Blackswan _c2010 |
||
| 350 | _a00 | ||
| 650 | _aWater Consetvatio | ||
| 942 |
_cBOOK _k631.7/SOU |
||
| 999 |
_c47775 _d47775 |
||